<?xml version="1.0" encoding="UTF-8"?><?xml-stylesheet type="text/xsl" href="static/style.xsl"?><OAI-PMH xmlns="http://www.openarchives.org/OAI/2.0/" xmlns:xsi="http://www.w3.org/2001/XMLSchema-instance" xsi:schemaLocation="http://www.openarchives.org/OAI/2.0/ http://www.openarchives.org/OAI/2.0/OAI-PMH.xsd"><responseDate>2026-04-14T03:02:50Z</responseDate><request verb="GetRecord" identifier="oai:www.recercat.cat:10459.1/47756" metadataPrefix="marc">https://recercat.cat/oai/request</request><GetRecord><record><header><identifier>oai:recercat.cat:10459.1/47756</identifier><datestamp>2024-12-05T21:35:07Z</datestamp><setSpec>com_2072_3622</setSpec><setSpec>col_2072_479130</setSpec></header><metadata><record xmlns="http://www.loc.gov/MARC21/slim" xmlns:dcterms="http://purl.org/dc/terms/" xmlns:xsi="http://www.w3.org/2001/XMLSchema-instance" xmlns:doc="http://www.lyncode.com/xoai" xsi:schemaLocation="http://www.loc.gov/MARC21/slim http://www.loc.gov/standards/marcxml/schema/MARC21slim.xsd">
   <leader>00925njm 22002777a 4500</leader>
   <datafield ind2=" " ind1=" " tag="042">
      <subfield code="a">dc</subfield>
   </datafield>
   <datafield ind2=" " ind1=" " tag="720">
      <subfield code="a">Mazman, Muhsin</subfield>
      <subfield code="e">author</subfield>
   </datafield>
   <datafield ind2=" " ind1=" " tag="720">
      <subfield code="a">Cabeza, Luisa F.</subfield>
      <subfield code="e">author</subfield>
   </datafield>
   <datafield ind2=" " ind1=" " tag="720">
      <subfield code="a">Mehling, Harald</subfield>
      <subfield code="e">author</subfield>
   </datafield>
   <datafield ind2=" " ind1=" " tag="720">
      <subfield code="a">Paksoy, Halime Ö.</subfield>
      <subfield code="e">author</subfield>
   </datafield>
   <datafield ind2=" " ind1=" " tag="720">
      <subfield code="a">Evliya, Hunay</subfield>
      <subfield code="e">author</subfield>
   </datafield>
   <datafield ind2=" " ind1=" " tag="260">
      <subfield code="c">2015-01-28T09:39:04Z</subfield>
   </datafield>
   <datafield ind2=" " ind1=" " tag="260">
      <subfield code="c">2025-01-01</subfield>
   </datafield>
   <datafield ind2=" " ind1=" " tag="260">
      <subfield code="c">2008</subfield>
   </datafield>
   <datafield ind2=" " ind1=" " tag="520">
      <subfield code="a">Phase change materials (PCM) used in latent heat storage systems usually have very low thermal conductivities. This is&#xd;
a major drawback in maintaining the required heat exchange rate between PCM and heat transfer fluid. This paper&#xd;
investigates the enhancement of the heat transfer between PCM and heat transfer fluid, using high thermal conductivity&#xd;
as additives like stainless steel pieces, copper pieces and graphite–PCM composite material. In the experiments,&#xd;
palmitic–lauric acid (80:20) (PL) and stearic–myristic acid (80:20) (SM) were used as PCMs. Test results show that heat&#xd;
transfer enhancement of copper pieces was better at 0.05 Ls 1 flow rate compared to 0.025 L s 1. Using copper as an&#xd;
additive increased the heat transfer rate 1.7 times for melting and 3.8 times for freezing when flow rate was 0.050 L s 1.&#xd;
Decreasing the flow rate from 0.050 to 0.025 Ls 1, increased the melting times 1.3 times and freezing times 1.8 times,&#xd;
decreasing heat transfer rates accordingly. The best result of heat transfer enhancement was observed for the PCM–&#xd;
graphite composite. However, changing the flow rate did not affect the heat transfer rate when graphite was used as&#xd;
additive.</subfield>
   </datafield>
   <datafield ind1="8" ind2=" " tag="024">
      <subfield code="a">http://hdl.handle.net/10459.1/47756</subfield>
   </datafield>
   <datafield tag="653" ind2=" " ind1=" ">
      <subfield code="a">fatty acid</subfield>
   </datafield>
   <datafield tag="653" ind2=" " ind1=" ">
      <subfield code="a">heat transfer</subfield>
   </datafield>
   <datafield tag="653" ind2=" " ind1=" ">
      <subfield code="a">PCM</subfield>
   </datafield>
   <datafield ind2="0" ind1="0" tag="245">
      <subfield code="a">Heat transfer enhancement of fatty acids when used as PCMs in thermal energy storage</subfield>
   </datafield>
</record></metadata></record></GetRecord></OAI-PMH>